000 005370000a22001690004500
003 MACL
005 20160214111744.0
008 160214b xxu||||| |||| 00| 0 eng d
040 _aMACL
_cMACL
041 _aHindi
082 _a320
100 _aअग्रवाल श्री अमर नारायण
_938315
245 _aसमाजवाद की रूप-रेखा
260 _bविनोद पुस्‍तक मंदिर
_aआगरा
650 _aPolitical Science
_938316
942 _cHIN
_k320
_2ddc
999 _c23262
_d23262